000 00364nam a2200133 i 4500
001 bg
245 0 _aElektronische Datenverarbeitung in Schule und Ausbildung :
_bErfahrungen, Praxis, Planungen in Deutschland.
260 _aMünchen,
_c1970.
040 _cBPK
041 _apol
080 _a681.3:371
942 _cKS
008 s pl f |000 0 pol
999 _c14531
_d14531
856 _uhttp://koha.tu.koszalin.pl/cgi-bin/koha/opac-detail.pl?biblionumber=14531
_yKatalog online BPK